00000000nam 2200000za 4500
0019.559441
003CaOODSP
00520240527135425
007cr |||||||||||
008150406s2005||||xxc|||||o    f|0| 0 eng d
020 |a0-662-40589-7
040 |aCaOODSP|beng
043 |an-cn---
0861 |aCW69-14/222-2005E-PDF
1102 |aCanadian Wildlife Service.
24510|aCOSEWIC assessment and update status report on the Blanding's turtle, Emydoidea blandingii, in Canada, Nova Scotia population, Great Lakes/St. Lawrence population |h[electronic resource] / |cCommittee on the Status of Endangered Wildlife in Canada.
260 |aOttawa - Ontario : |bEnvironment Canada. |c2005.
300 |a48p.|bmaps, references
500 |aAlso available in French under title: Ếvaluation et rapport de situation du COSEPAC sur la tortue mouchetée (Emydoidea blandingii) au Canada – Mise à jour.
590 |a06-13-Supp|b2006-12-15
69007|aEndangered species|2gcpds
69007|aAnimals|2gcpds
77508|tMise à jour, évaluation et rapport de situation du COSEPAC sur la tortue mouchetée, Emydoidea blandingii, au Canada, population de la Nouvelle-Écosse, population des Grands Lacs et du Saint-Laurent |w(CaOODSP)9.592199
794 |tCOSEWIC assessment and status report on the Blanding's Turtle, Emydoidea blandingii, Nova Scotia population, Great Lakes/St. Lawrence population, in Canada |w(CaOODSP)9.833132
85640|ahttp://publications.gc.ca|qPDF|s1420 KB|uhttps://publications.gc.ca/collections/Collection/CW69-14-222-2005E.pdf